000 00984nam a2200301 a 4500
999 _c7175
_d7175
001 7175
003 BD-JhCC
005 20180422082441.0
008 180205q18201929enka 000 1 eng d
029 _a1820-1929
035 _a(BD-JhCC)7175
040 _aBD-JhCC
_cOPP
_dBD-JhCC
041 _aeng
082 _a823.8
_bDIC 1962
090 _aPR4572
_b.C47 1920
100 1 _aDickens, Charles,
_d1812-1870.
245 1 2 _aA Christmas carol and The cricket on the hearth /
_cby Charles Dickens.
260 _aLondon :
_bReaders Library Pub. Co.,
_c[192-?]
_e(Watford :
_fGreycaine Book Manufacturing Co.)
300 _a103 p. :
_bill. ;
_c20 cm.
490 1 _aJuvenile readers library ;
_v17
500 _aIncludes publisher's advertisment: [1] p. at end.
650 0 _aChristmas stories.
730 0 2 _aCricket on the hearth.
830 0 _aJuvenile readers library ;
_v17
830 0 _aOpie collection of children's literature ;
_v002:122.
942 _2ddc
_cBK